[Event "Roncana op-A 7th"]
[Site "Santa Eulalia de Roncana"]
[Date "2013.11.23"]
[Round "7"]
[White "Cordomi Fons, Francesco"]
[Black "Hernandez Martinez, Carlos"]
[Result "0-1"]
[WhiteElo "1872"]
[BlackElo "1705"]
[PlyCount "70"]
[EventDate "2013.10.05"]
[EventType "swiss"]
[EventRounds "8"]
[EventCountry "ESP"]
[SourceTitle "CBM 157 Extra"]
[Source "ChessBase"]
[SourceDate "2013.12.19"]
[SourceVersion "1"]
[SourceVersionDate "2013.12.19"]
[SourceQuality "1"]

1. e4 c6 2. e5 d5 3. d4 Bf5 4. Bd3 Bxd3 5. Qxd3 e6 6. f4 Ne7 7. Be3 Nf5 8. Bf2 h5 9. Nf3 Nd7 10. Nbd2 Qc7 11. 0-0 0-0-0 12. Rfc1 f6 13. c4 dxc4 14. Qxc4 Re8 15. Ne4 Nb6 16. Qb3 Nd5 17. g3 Rg8 18. Nc5 g5 19. fxg5 fxg5 20. Qd3 Qf7 21. Ne4 Be7 22. Nfd2 Ref8 23. Nc4 g4 24. Rf1 Kb8 25. b4 h4 26. Rab1 Qh5 27. b5 hxg3 28. Nxg3 Qh3 29. bxc6 Rh8 30. Rxb7+ Kc8 31. Rfb1 Qxh2+ 32. Kf1 Nfe3+ 33. Qxe3 Nxe3+ 34. Ke2 Qxf2+ 35. Kd3 Qc2+ 0-1

[Event "Roncana op-A 7th"]
[Site "Santa Eulalia de Roncana"]
[Date "2013.10.12"]
[Round "2"]
[White "Hernandez Martinez, Carlos"]
[Black "Simon del Sol, Jaume"]
[Result "0-1"]
[WhiteElo "1705"]
[BlackElo "1983"]
[PlyCount "98"]
[EventDate "2013.10.05"]
[EventType "swiss"]
[EventRounds "8"]
[EventCountry "ESP"]
[SourceTitle "CBM 157 Extra"]
[Source "ChessBase"]
[SourceDate "2013.12.19"]
[SourceVersion "1"]
[SourceVersionDate "2013.12.19"]
[SourceQuality "1"]

1. e4 g6 2. d4 Bg7 3. Nc3 d6 4. Nge2 Nd7 5. g3 c5 6. Be3 cxd4 7. Bxd4 Ngf6 8. Bg2 0-0 9. 0-0 Ne5 10. h3 Bd7 11. f4 Nc6 12. Be3 Qa5 13. g4 Rad8 14. g5 Nh5 15. Kh2 f6 16. Qd5+ Qxd5 17. exd5 Nb4 18. Rac1 fxg5 19. fxg5 Be5+ 20. Kg1 Rxf1+ 21. Bxf1 b6 22. a3 Na6 23. Nd4 Nc7 24. Bg2 Nf4 25. Bxf4 Bxf4 26. Re1 Bxg5 27. Ne4 Bf4 28. Nf2 Be5 29. c3 Re8 30. Ng4 Bf6 31. Rf1 Kg7 32. Kh1 Rf8 33. Re1 Re8 34. Re2 Bxd4 35. cxd4 Bxg4 36. hxg4 Nb5 37. Re4 Kf6 38. a4 Nc7 39. Re3 e6 40. dxe6 Rxe6 41. Rf3+ Kg5 42. Rf7 Re1+ 43. Kh2 Ne6 44. Re7 Re2 45. d5 Nf4 46. Rxe2 Nxe2 47. Bf3 Nd4 48. Bd1 Kf4 49. Kh3 g5 0-1

[Event "Roncana op 6th"]
[Site "Santa Eulalia de Roncana"]
[Date "2012.12.01"]
[Round "8"]
[White "Hernandez Martinez, Carlos"]
[Black "Guix Torres, David"]
[Result "0-1"]
[WhiteElo "1656"]
[BlackElo "2016"]
[PlyCount "58"]
[EventDate "2012.10.06"]
[EventType "swiss"]
[EventRounds "8"]
[EventCountry "ESP"]
[SourceTitle "EXT 2014"]
[Source "ChessBase"]
[SourceDate "2013.11.20"]
[SourceVersion "1"]
[SourceVersionDate "2013.11.20"]
[SourceQuality "1"]

1. e4 c5 2. d4 cxd4 3. Qxd4 Nc6 4. Qe3 d6 5. Nc3 g6 6. Bd2 Bg7 7. 0-0-0 Nf6 8. h3 0-0 9. f4 Be6 10. g4 d5 11. Nf3 d4 12. Nxd4 Qxd4 13. Qf3 Rad8 14. Be3 Qb4 15. Be2 Nd4 16. Bxd4 Rxd4 17. Rxd4 Qxd4 18. Rd1 Qc5 19. e5 Nd7 20. Bb5 Nb6 21. Qxb7 Qe3+ 22. Kb1 Qxf4 23. Qxa7 Nc8 24. Qb7 Bxe5 25. Bd7 Nd6 26. Qa7 Bxd7 27. Qxd7 Bxc3 28. bxc3 Rb8+ 29. Ka1 Qf3 0-1

[Event "Cerdanyola del Valles op 28th"]
[Site "Cerdanyola del Valles"]
[Date "2010.11.06"]
[Round "6"]
[White "Hernandez Martinez, Carlos"]
[Black "Garcia Perez, Jose Ramon"]
[Result "1/2-1/2"]
[WhiteElo "1602"]
[BlackElo "1707"]
[PlyCount "79"]
[EventDate "2010.10.02"]
[EventType "swiss"]
[EventRounds "7"]
[EventCountry "ESP"]
[SourceTitle "EXT 2012"]
[Source "ChessBase"]
[SourceDate "2011.11.24"]
[SourceVersion "1"]
[SourceVersionDate "2011.11.24"]
[SourceQuality "1"]

1. e4 c5 2. Nc3 Nc6 3. g3 d6 4. Bg2 Nf6 5. Nge2 Bg4 6. f3 Bd7 7. 0-0 e5 8. d3 Qc8 9. f4 Bh3 10. f5 Bxg2 11. Kxg2 h6 12. Bd2 Qc7 13. a3 Be7 14. Qe1 Rd8 15. h3 d5 16. exd5 Nxd5 17. Nxd5 Rxd5 18. Nc3 Rd7 19. Ne4 f6 20. Be3 Nd4 21. Bxd4 cxd4 22. Qd2 0-0 23. Rfc1 Qb6 24. Rab1 Rc8 25. Kh2 Rdc7 26. b4 a6 27. h4 Qc6 28. Rb2 Qd7 29. g4 a5 30. Kg3 a4 31. Kh3 Rc3 32. Ra2 R3c7 33. Rb2 Qd5 34. Ra1 b5 35. Kg3 Qb7 36. Rc1 Rc6 37. Kh3 R8c7 38. Kg3 Qc8 39. Kh3 Qd7 40. Qg2 1/2-1/2

[Event "ESP-ch U12"]
[Site "Linares"]
[Date "2010.07.06"]
[Round "2"]
[White "Martin Carmona, Gaston Manuel"]
[Black "Hernandez Martinez, Carlos"]
[Result "1-0"]
[WhiteElo "1875"]
[BlackElo "1608"]
[PlyCount "87"]
[EventDate "2010.07.06"]
[EventType "swiss"]
[EventRounds "9"]
[EventCountry "ESP"]
[SourceTitle "CBM 137 Extra"]
[Source "ChessBase"]
[SourceDate "2010.09.01"]
[SourceVersion "1"]
[SourceVersionDate "2010.09.01"]
[SourceQuality "1"]

1. e4 Nc6 2. d4 d5 3. e5 Bf5 4. c3 e6 5. Nf3 Nge7 6. Bg5 h6 7. Bh4 Qd7 8. Bd3 Bxd3 9. Qxd3 Ng6 10. Bg3 Be7 11. 0-0 0-0 12. Nbd2 a6 13. Nb3 b6 14. Rac1 Rfc8 15. Rfd1 Nd8 16. c4 c6 17. cxd5 cxd5 18. Rxc8 Qxc8 19. Rc1 Qb7 20. Qc2 a5 21. a3 b5 22. Nc5 Qb6 23. h4 h5 24. Qe2 Nf8 25. Nd2 g6 26. Nf3 b4 27. a4 Rc8 28. Qb5 Qxb5 29. axb5 Nb7 30. Nd3 Rxc1+ 31. Nxc1 Nd7 32. b3 Nb6 33. Bf4 Na8 34. Bg5 Kf8 35. Bxe7+ Kxe7 36. Nd3 Nb6 37. Nc5 Nd8 38. Kf1 f6 39. exf6+ Kxf6 40. Ne5 Kf5 41. f3 g5 42. hxg5 Kxg5 43. g3 Kf6 44. Ke2 1-0

[Event "Llinars del Valles op-B 4th"]
[Site "Llinars del Valles"]
[Date "2010.04.17"]
[Round "2"]
[White "Carbones Llobet, Josep"]
[Black "Hernandez Martinez, Carlos"]
[Result "1-0"]
[WhiteElo "1723"]
[BlackElo "1570"]
[PlyCount "53"]
[EventDate "2010.04.10"]
[EventType "swiss"]
[EventRounds "7"]
[EventCountry "ESP"]
[SourceTitle "EXT 2012"]
[Source "ChessBase"]
[SourceDate "2011.11.24"]
[SourceVersion "1"]
[SourceVersionDate "2011.11.24"]
[SourceQuality "1"]

1. Nf3 Nc6 2. d4 g6 3. c4 e6 4. Nc3 Nge7 5. Bg5 Bg7 6. e4 f6 7. Be3 f5 8. Qc2 0-0 9. Rd1 Qe8 10. Nb5 Qd8 11. d5 exd5 12. cxd5 fxe4 13. Ng5 Nd4 14. Qc4 Ndf5 15. d6+ Kh8 16. Nf7+ Rxf7 17. Qxf7 c6 18. Nc7 Nxe3 19. fxe3 Rb8 20. Qe8+ Qxe8 21. Nxe8 Bxb2 22. Bc4 b5 23. Bb3 Bc3+ 24. Ke2 g5 25. Rhf1 Bg7 26. Rf7 Bh6 27. Rdf1 1-0